| 000 | 01114nam a22003257a 4500 | ||
|---|---|---|---|
| 003 | CHAP | ||
| 005 | 20220329142334.0 | ||
| 008 | 000817d1999 mx ad r 00110 spa d | ||
| 010 | _a82002 | ||
| 011 | _a82974 | ||
| 020 | _a9701325109 | ||
| 035 | _a93482 | ||
| 040 | _cCHAP | ||
| 090 | _aFolleto 16013 | ||
| 110 | 2 |
_aInstituto Nacional de Estadística, Geografía e Informática. México _959304 |
|
| 245 | 1 | 0 |
_aNormas técnicas para la elaboración de ortofotos digitales _c/por INEGI |
| 260 |
_aAguascalientes, Ags. : _bInstituto Nacional de Estadística, Geografía e Informática, _c1999 |
||
| 300 |
_a11 p. : _bilus. ; cuadros |
||
| 590 |
_aBATCH-UPD _b10 _c20130110 _lUCH01 _h1654 |
||
| 590 |
_aBATCH-UPD _b10 _c20130410 _lUCH01 _h1043 |
||
| 590 |
_aBATCH-UPD _b10 _c20130914 _lUCH01 _h1433 |
||
| 590 |
_aCONVERSION _b10 _c20130109 _lUCH01 _h1346 |
||
| 650 | 1 | 4 |
_aFotografía aérea. _942714 |
| 650 | 1 | 4 |
_aFotointerpretación. _942728 |
| 650 | 1 | 4 |
_aMéxico _xGeografía. _976748 |
| 901 | _aBK | ||
| 905 | _aMarco A. Mendoza T. | ||
| 942 | _cFOLL | ||
| 949 |
_aFolleto 16013 _bBC _cFOLL _d934821 _eTS1 _i93482 _sb |
||
| 999 |
_c82002 _d82002 |
||